| Hint | Réponse | % Correct |
|---|---|---|
| ecrire le codon associé | AUG | 82%
|
| ° | UAG | 82%
|
| ecrire les codons associés | UAA | 64%
|
| ° | UGA | 64%
|
| codon start | met | 55%
|
| redondance | leu | 27%
|
| • Mais comme chaque codon ne correspond qu'à "" """"" acide aminé, ceci garantie une traduction sans ambiguïté. | un seul | 27%
|
| ° | CUA | 18%
|
| ° | CUC | 18%
|
| ° | CUG | 18%
|
| ° | CUU | 18%
|
| codons stop | stop | 9%
|
| ecrire les codons associés | UUA | 9%
|
| ° | UUG | 9%
|
| Le code génétique est presque universel chez tous les organismes vivants. • Certaines exceptions existent, p.ex. dans les """"""""" et certains micro-organismes. | mitochondrie | 0%
|
| Plusieurs codons peuvent coder pour un même acide aminé (par exemple, six codons spécifient la """"" | sérine | 0%
|
| Le code génétique est structuré pour minimiser les erreurs: Des codons similaires codent souvent pour des acides aminés chimiquement similaires. Ceci réduit l'impact des mutations et favorise la """""" évolutive. | stabilité | 0%
|